Fifty special programme on policy analysis, September 3- October 3, 1986 (Record no. 503529)

000 -LEADER
fixed length control field 00520cam a22001217a 4500
008 - FIXED-LENGTH DATA ELEMENTS--GENERAL INFORMATION
fixed length control field 180718b1986 xxu||||| |||| 00| 0 eng d
082 ## - DEWEY DECIMAL CLASSIFICATION NUMBER
Classification number B3 PA/5/86/1
245 ## - TITLE STATEMENT
Title Fifty special programme on policy analysis, September 3- October 3, 1986
Statement of responsibility, etc. by Ministry of Personnel, Public Grievances and Pensions, India
260 ## - PUBLICATION, DISTRIBUTION, ETC.
Place of publication, distribution, etc. New Delhi
Name of publisher, distributor, etc. Indian Institute of Public Administration
Date of publication, distribution, etc. 1986
300 ## - PHYSICAL DESCRIPTION
Extent v.p.
500 ## - GENERAL NOTE
General note Prof. K.S. Shukla(Programme Director)
700 ## - ADDED ENTRY--PERSONAL NAME
Personal name India. Ministry of Personnel, Public Grievances and Pensions,
Holdings
Withdrawn status Lost status Damaged status Not for loan Permanent Location Current Location Date acquired Full call number Barcode Date last seen Price effective from Koha item type
        Indian Institute of Public Administration Indian Institute of Public Administration 2018-08-04 B3 PA/5/86/1 GG31854 2018-08-04 2018-08-04 GG

Powered by Koha